00669cam a2200217 a 4500008004100000020002200041245009500063260004600158300003400204500002000238504004100258650002000299650001800319650002100337700002300358700002300381700002000404003000100424005001700425040000900442  a0198565151 (pbk.)00aIntroduction to bioengineering /cedited by S.A. Berger and W. Goldsmith and E.R. Lewis. aOxford :bOxford University Press,c2000. axiv, 526 p. :bill. ;c25 cm. aIncludes index. aIncludes bibliographical references. 0aBioengineering. 0aBiomechanics. 0aSystem analysis.1 aBerger, Stanley A.1 aGoldsmith, Werner.1 aLewis, Edwin R.20230123134042.0 cNUST